La gitanilla
Saved in:
| Hovedforfatter: | |
|---|---|
| Format: | Bog |
| Sprog: | spansk |
| Udgivet: |
Santiago
La Nación
1988
|
| Serier: | Colección literatura universal, 27
|
| Fag: | |
| Tags: |
Tilføj Tag
Ingen Tags, Vær først til at tagge denne postø!
|
MARC
| LEADER | 00000nam a2200000 a 4500 | ||
|---|---|---|---|
| 001 | UCW8798 | ||
| 003 | CL-VaPUC | ||
| 008 | 881027e19880000CL |||||||||||||||||spa|d | ||
| 082 | 0 | 4 | |a 863 |b CER |2 21 |
| 100 | |a Cervantes y Saavedra, Miguel de |e author |9 267947 | ||
| 245 | 1 | 3 | |a La gitanilla |
| 300 | |a 56 p | ||
| 942 | |c BK | ||
| 945 | |d 19881027 00:00:00 | ||
| 260 | |a Santiago |b La Nación |c 1988 | ||
| 500 | |a Se distribuye con diario La Nación | ||
| 650 | 0 | |a Novelas españolas |9 265052 | |
| 583 | |a last modification |c 19881027 00:00:00 |k Rodrigo Vera | ||
| 490 | 0 | |a Colección literatura universal, 27 | |
| 999 | |c 221051 |d 221049 | ||
| 952 | |0 0 |1 0 |4 0 |6 863_000000000000000_CER_1988 |7 0 |8 A |9 213973 |a BIBEDU |b BIBEDU |d 2019-11-15 |i 2823462 |o 863 CER 1988 |p 2823462 |r 2019-11-15 |w 2019-11-15 |y BK |k LIT | ||